| 000 | 00674nam a2200205Ia 4500 | ||
|---|---|---|---|
| 008 | 191130s2008##################000#0#eng## | ||
| 020 | _a9780521682220 | ||
| 040 |
_aACL _cACL |
||
| 082 | _a332.6320420285554 DAL | ||
| 100 | _aDalton, Bill | ||
| 245 |
_aFinancial products : an introduction using mathematics and Excel _cBill Dalton |
||
| 260 |
_aCambridge _bCambridge University Press _c2008 |
||
| 300 | _a399 p. : ill. ; 26 cm | ||
| 500 | _aIncludes bibliographical references and index | ||
| 650 | _aFinance - Mathematical models | ||
| 650 | _aMicrosoft Excel (Computer file) | ||
| 990 | _a32a6a2a8ac10000c0c0b579740c9fc8b | ||
| 991 | _a428277 | ||
| 999 |
_c262809 _d262809 |
||